|
|
|
|
| LEADER |
01433nam a2200373 a 4500 |
| 001 |
EBC3012418 |
| 003 |
MiAaPQ |
| 005 |
20200520144314.0 |
| 006 |
m o d | |
| 007 |
cr cn||||||||| |
| 008 |
080708s2008 sz ab sb 001 0 eng d |
| 010 |
|
|
|z 2008395866
|
| 020 |
|
|
|z 9789221201663
|
| 020 |
|
|
|a 9789221201670 (electronic bk.)
|
| 035 |
|
|
|a (MiAaPQ)EBC3012418
|
| 035 |
|
|
|a (Au-PeEL)EBL3012418
|
| 035 |
|
|
|a (CaPaEBR)ebr10512157
|
| 035 |
|
|
|a (OCoLC)767502540
|
| 040 |
|
|
|a MiAaPQ
|c MiAaPQ
|d MiAaPQ
|
| 043 |
|
|
|a a-np---
|
| 050 |
|
4 |
|a HD8670.9
|b .K95 2008
|
| 100 |
1 |
|
|a Kyloh, Robert.
|
| 245 |
1 |
0 |
|a From conflict to cooperation
|h [electronic resource] :
|b labour market reforms that can work in Nepal /
|c Robert Kyloh.
|
| 260 |
|
|
|a Geneva :
|b International Labour Office,
|c 2008.
|
| 300 |
|
|
|a 217 p. :
|b ill., map (folded)
|
| 500 |
|
|
|a Published in association with Academic Foundation, New Delhi.
|
| 504 |
|
|
|a Includes bibliographical references (p. [205]-208) and index.
|
| 533 |
|
|
|a Electronic reproduction. Ann Arbor, MI : ProQuest, 2015. Available via World Wide Web. Access may be limited to ProQuest affiliated libraries.
|
| 650 |
|
0 |
|a Industrial relations
|z Nepal.
|
| 650 |
|
0 |
|a Labor
|z Nepal.
|
| 655 |
|
4 |
|a Electronic books.
|
| 710 |
2 |
|
|a International Labour Office.
|
| 710 |
2 |
|
|a ProQuest (Firm)
|
| 856 |
4 |
0 |
|u https://ebookcentral.proquest.com/lib/matrademy/detail.action?docID=3012418
|z Click to View
|